| 000 | 01082cam a2200217 i 4500 | ||
|---|---|---|---|
| 005 | 20251123112621.0 | ||
| 008 | 250721s2009 jo gr 000 0 ara d | ||
| 020 | _a9957076214 | ||
| 082 | 1 | 4 |
_a211.2 _bق ا ض |
| 100 | 1 |
_aابن القاضي، أبو زيد عبد الرحمن بن أبي القاسم بن القاضي المكناسي، _d- 1082 هجرية، _eمؤلف. |
|
| 245 | 1 | 0 |
_aتحقيق الكلام في قراءة الإدغام / _cللشيخ عبد الرحمن بن أبي القاسم بن القاضي الفاسي المغربي المتوفى سنة (1082) هجرية ؛ تحقيق الدكتور عطية بن أحمد بن محمد الوهيبي. |
| 250 | _aالطبعة الأولى. | ||
| 264 | 3 | 1 |
_aعمان : _bدار الفكر ناشرون وموزعون، _c2009. |
| 300 | _a215 صفحة. | ||
| 650 | 1 | 7 | _aالقرآن الكريم. |
| 650 | 1 | 7 | _aقراءة القرآن. |
| 653 | _aتجويد القرآن | ||
| 700 | 1 |
_aالوهبي، عطية بن أحمد بن محمد _eمحقق. |
|
| 942 |
_2ddc _cBK |
||
| 999 |
_c117121 _d117121 |
||